How Generations Remember (Record no. 63084)

MARC details
000 -LEADER
fixed length control field 01504nam a2200241Ii 4500
008 - FIXED-LENGTH DATA ELEMENTS--GENERAL INFORMATION
fixed length control field 221202s xx 000 0 und d
100 1# - MAIN ENTRY--PERSONAL NAME
Personal name Palmberger, Monika,
Relator term author
245 #0 - TITLE STATEMENT
Title How Generations Remember
246 ## - VARYING FORM OF TITLE
Title proper/short title Conflicting Histories and Shared Memories in Post-War Bosnia and Herzegovina
264 #1 - PRODUCTION, PUBLICATION, DISTRIBUTION, MANUFACTURE, AND COPYRIGHT NOTICE
Place of production, publication, distribution, manufacture Basingstoke
Name of producer, publisher, distributor, manufacturer Springer Nature
Date of production, publication, distribution, manufacture, or copyright notice 2016
300 ## - PHYSICAL DESCRIPTION
Extent 1 online resource (268 pages)
336 ## - CONTENT TYPE
Content type term text
Content type code txt
Source rdacontent
337 ## - MEDIA TYPE
Media type term computer
Media type code c
Source rdamedia
338 ## - CARRIER TYPE
Carrier type term online resource
Carrier type code cr
Source rdacarrier
520 ## - SUMMARY, ETC.
Summary, etc. This book provides a profound insight into post-war Mostar, and the memories of three generations of this Bosnian-Herzegovinian city. Drawing on several years of ethnographic fieldwork, it offers a vivid account of how personal and collective memories are utterly intertwined, and how memories across the generations are reimagined and ‘rewritten’ following great socio-political change. Focusing on both Bosniak-dominated East Mostar and Croat-dominated West Mostar, it demonstrates that, even in this ethno-nationally divided city with its two divergent national historiographies, generation-specific experiences are crucial in how people ascribe meaning to past events.
653 ## - INDEX TERM--UNCONTROLLED
Uncontrolled term Bosnia And Herzegovina
653 ## - INDEX TERM--UNCONTROLLED
Uncontrolled term Collective Memory
653 ## - INDEX TERM--UNCONTROLLED
Uncontrolled term Generation
653 ## - INDEX TERM--UNCONTROLLED
Uncontrolled term Life Course
653 ## - INDEX TERM--UNCONTROLLED
Uncontrolled term Memory
856 ## - ELECTRONIC LOCATION AND ACCESS
Uniform Resource Identifier <a href="https://library.oapen.org/bitstream/20.500.12657/31915/1/622220.pdfhttp://library.oapen.org/handle/20.500.12657/31915">https://library.oapen.org/bitstream/20.500.12657/31915/1/622220.pdfhttp://library.oapen.org/handle/20.500.12657/31915</a>
942 ## - ADDED ENTRY ELEMENTS (KOHA)
Koha item type E-Book
Holdings
Withdrawn status Damaged status Not for loan Home library Current library Date acquired Total Checkouts Date last seen Price effective from Koha item type
      Directory of Open Access Books Directory of Open Access Books 11/28/2022   11/28/2022 11/28/2022 E-Book

University of Rizal System
Email us at univlibservices@urs.edu.ph

Visit our Website www.urs.edu.ph/library